BIBLIOTHÈQUE DE LA MAISON DU MEXIQUE

Logo 1 Logo 2

La antigua provincia de Colima (notice nᵒ 1913)

détails MARC
000 -Sello discográfico
campo de control de longitud fija 00990nam a2200313 4500
005 - Identificación de versión
campo de control 20251016083142.0
010 ## - Número Estándar Internacional de Libros (ISBN)
Número (ISBN) 968-7389-21-4 (Colección)
010 ## - Número Estándar Internacional de Libros (ISBN)
Número (ISBN) 968-7389-22-2 (Volumen)
035 ## - Otros números de control del sistema
Número de control del sistema 22519
099 ## - fechas locales
Tipo de ítem Koha LIBRO
100 ## - Datos de procesamiento general
Datos de procesamiento general 19970708d1995 m y1spay5003 ba
105 ## - Campo de datos codificados: Material textual, monográfico
Datos codificados de monografía a 001zy
200 1# - Título y mención de responsabilidad
Título propio La antigua provincia de Colima
Designación general del material texto impreso
Otra información del título siglos XVI a XVIII
Primer mención de responsabilidad Juan Carlos Reyes G
210 ## - Publicación, distribución, etc.
Lugar de publicación, distribución, etc. Colima
Nombre del editor, distribuidor, etc. Gobierno del Estado : Universidad de Colima
Fecha de publicación, distribución, etc. 1995
215 ## - Descripción física
Designación de material específico y extensión del ítem 346 p
Otras características físicas il.
Dimensiones 21 cm
320 ## - Nota de índices/bibliografías internas
Texto de la nota Bibliografía: p.335-346
345 ## - Nota de información de adquisición
Fuente de adquisición/dirección de la suscripción [OBSOLETO] Donación del CNCA
410 #1 - Series
Título Historia general de Colima
Número de volumen 2
607 ## - Nombre geográfico utilizado como tema
Elemento de entrada Colima (México)
Subdivisión temática Historia
Subdivisión cronológica Colonia, 1540-1810
Número Koha 4716
660 ## - Código de área geográfica
Código MX
700 ## - Nombre personal - Responsabilidad primaria
Elemento de entrada Reyes Garza
Parte del nombre distinta del elemento de entrada Juan Carlos
Número Koha 4717
801 #0 - Fuente de origen
Agencia cm
900 ## -
-- 1/14360
900 ## -
-- 710973844\\080797
942 ## - ELEMENTOS DE ENTRADA SECUNDARIOS (KOHA)
Tipo de ítem Koha Livre
996 ## -
-- MEX
-- 751145101
-- MMAG
-- 006043
-- 972.34 H673 V.2
-- 20220203LIV
Exemplaires
Estatus retirado Estado de daño Estado de pérdida Fecha de adquisición Biblioteca de origen Biblioteca actual Ubicación en estantería Código de barras Precio de reemplazo Signatura topográfica completa No para préstamo Tipo de ítem Koha Nota pública Nota no pública
      05/08/2025 Casa México Paris Casa México Paris   006043 05/08/2025 972.34 H673 V.2   Livre 20220203LIV 751145101